000 01220nam a2200385 i 4500
001 3401
003 KOSZ 005
005 20200422102353.0
008 981023s1987 pl a f |001 0 pol
015 _aPB 1987/5277
020 _a8320407397
035 _a(OCoLC)751322109
040 _aWA N
_cWA N
_dKOSZ 005/HR
041 0 _apol
046 _k1987
080 _a621.73
100 1 _aWasiunyk, Piotr
_d(1911-2005)
_eAutor
245 1 0 _aKucie matrycowe /
_cPiotr Wasiunyk.
250 _aWyd. 3 zm.
260 _aWarszawa :
_bWydawnictwa Naukowo-Techniczne,
_c1987.
_e(Warsz. :
300 _a683, [2] s. :
_bfot., rys., wykr. ;
_c25 cm.
336 _2rdacontent
_aTekst
_btxt
337 _2rddamedia
_aBez urządzenia pośredniczącego
_bn
338 _2rdacarrier
_aWolumin
_bnc
380 _aKsiążki
380 _aPublikacje fachowe
388 _a1901-2000
388 _a1945-1989
504 _aBibliogr. s. 671-675. - Indeks.
658 _aInżynieria i technika
650 4 _aKucie matrycowe
710 2 _aWydawnictwa Naukowo-Techniczne
_4pbl.
856 _uhttp://koha.tu.koszalin.pl/cgi-bin/koha/opac-detail.pl?biblionumber=3401
_yKatalog online BPK
942 _2UKD
_cKS
999 _c3401
_d3401